000
00279 a2200145 4500
001
158235
020
_a
040
_c
Magnum
100
_a
Wepman, Dennis
240
1
0
_a
Simon bolivar
_l
por
245
1
0
_a
Simon bolivar
362
0
_a
1899
697
_a
BIOGRAFIA
942
_c
BK
999
_c
158235
_d
158235